| 000 | 00526nam a22001817a 4500 | ||
|---|---|---|---|
| 003 | CEME | ||
| 005 | 20210628201950.0 | ||
| 008 | 210208b xxu||||| |||| 00| 0 eng d | ||
| 020 | _a9814-12-611-X | ||
| 040 | _c. | ||
| 082 | _a621.3822 RAN | ||
| 100 |
_aRangayyan, Rangaraj .M _957634 |
||
| 245 | _aBiomedical signal analysis ,a case study approach | ||
| 260 |
_aINDIA _bJOHN WILEY _c2004 |
||
| 300 | _aXXXV,516P | ||
| 650 |
_aBIOMEDICAL SIGNAL ANALYSIS.ENG.EMG.ECG.EEG.ERP'S.EGG.PCG.CP.VMG.VAG _957635 |
||
| 942 |
_cBK _2ddc |
||
| 999 |
_c567905 _d567905 |
||